000 00748nam a2200253Ia 4500
003 OSt
005 20220918180719.0
006 a|||||r|||| 00| 0
007 ta
008 220917b |||||||| |||| 00| 0 eng d
024 _a23,670
037 _cTextual
040 _aARTS
_cARTS
_beng
041 _2eng
_aeng
082 _aO111:gx, M5
100 _aJay Gregory S ed
_956874
245 0 _aAfter strange texts
_b the role of theory in the study of literature
260 _aAlabama
_bUniversity of Alabama Press
_c1985
300 _ax,195p.
_ccm.
650 _aENGLISH LITERATURE
700 _a Miller David L ed
_956875
942 _hO111:gx, M5
_cTEXL
_2CC
999 _c162718
_d162718